000 00962nam a2200265Ia 4500
003 OSt
005 20220923211308.0
006 a|||||r|||| 00| 0
007 ta
008 220922b |||||||| |||| 00| 0 hin d
020 _a9788179752821 (hbk)
_c500
024 _a275,542
037 _b214, 23/09/2013, Swaraj Prakashan
_cTextual
040 _aARTS
_cARTS
_bhin
041 _2hin
_ahin
082 _aV73y7N61, 152P9
100 _aचतुर्वेदी, जगदीश्वर
245 0 _aओबामा और मीडिया
246 _aObāmā aur mīḍiyā
260 _aनई दिल्ली
_b अनामिका पब्लिशर्स
_c2009
300 _a102पृ.
_ccm.
650 _aहिन्दी साहित्य
_9156264
942 _hV73y7N61, 152P9
_cTEXL
_2CC
999 _c298203
_d298203